Central Library, Doon University
WEBOPAC (ONLINE PUBLIC ACCESS CATALOGUE)

Agroforestry Principles And Practice (Record no. 60717)

MARC details
000 -LEADER
fixed length control field 00468nam a22001817a 4500
005 - DATE & TIME
control field 20260423162318.0
008 - FIXED-LENGTH DATA ELEMENTS--GENERAL INFORMATION
fixed length control field 260423b |||||||| |||| 00| 0 eng d
020 ## - ISBN
International Standard Book Number 9788120407039
Price 575.00
040 ## - CATALOGING SOURCE
Original cataloging agency Doon University
041 ## - Language
Language English
082 ## - DDC NUMBER
Classification number 634.9
Book Number DWI
100 ## - MAIN ENTRY--PERSONAL NAME
Personal name Dwivedi, A.P.
245 ## - TITLE STATEMENT
Title Agroforestry Principles And Practice
260 ## - PUBLICATION, DISTRIBUTION, ETC. (IMPRINT)
Place of publication, distribution, etc New Delhi
Name of publisher, distributor, etc CBS
Date of publication, distribution, etc 2022
300 ## - PHYSICAL DESCRIPTION
Pages 363
650 ## - Subject
Subject Environment Science (PM USHA)
942 ## - ADDED ENTRY ELEMENTS (KOHA)
Koha item type Books
100 ## - MAIN ENTRY--PERSONAL NAME
-- 12483
650 ## - Subject
-- 26725
952 ## - LOCATION AND ITEM INFORMATION (KOHA)
-- 2026-04-23
952 ## - LOCATION AND ITEM INFORMATION (KOHA)
-- 2026-04-23
952 ## - LOCATION AND ITEM INFORMATION (KOHA)
-- 2026-04-23
Holdings
Withdrawn status Lost status Source of classification or shelving scheme Damaged status Not for loan Location (home branch) Sublocation or collection (holding branch) Date acquired Koha issues (times borrowed) Koha full call number Accession No. Koha date last seen Koha item type
          Doon University Doon University 23.04.2026   634.9 DWI 32865 23.04.2026 Books
          Doon University Doon University 23.04.2026   634.9 DWI 32866 23.04.2026 Books
          Doon University Doon University 23.04.2026   634.9 DWI 32867 23.04.2026 Books
Contact : +91-135-2533126 (Library),+91-135-2533105 (Admin Office) , Email : doonlibrary@gmail.com

Powered by Koha